Szczegóły MARC21

Warsztaty Translatorskie 3 = Workshop of Translation 3 /

003 -Nazwa inst., której nr kontr. jest w polu 001 [,]
    • @
    • Nazwa instytucji, której n kontrolny jest w polu 001
    • NUKAT
005 -DATA I CZAS OSTATNIEJ MODYFIKACJI [,]
    • @
    • pole kontrolne
    • 20241231114747.0
020 -Międzynarod. znormalizowany nr książki - ISBN [ , ]
    • a
    • Numer ISBN
    • 837306155X Find
040 -Instytucja sporządzająca opis [ , ]
    • a
    • Instytucja, która sporządziła opis (NP)
    • KR U/MM
    • c
    • Instytucja, która sporządziła rekord (NP)
    • KR U/MM
    • d
    • Instytucja, która zmodyfikowała rekord (P)
    • KR U/ynk
    • d
    • Instytucja, która zmodyfikowała rekord (P)
    • WR U/dl
    • d
    • Instytucja, która zmodyfikowała rekord (P)
    • LUBL KUL/SKs
    • d
    • Instytucja, która zmodyfikowała rekord (P)
    • WR O/ZW
    • d
    • Instytucja, która zmodyfikowała rekord (P)
    • WA N/PBkk
041 -Język dokumentu [1, ]
    • a
    • Język tekstu (P)
    • polski
    • a
    • Język tekstu (P)
    • angielski
    • a
    • Język tekstu (P)
    • rosyjski
    • b
    • Język streszczeń lub abstraktu (P)
    • angielski
    • b
    • Język streszczeń lub abstraktu (P)
    • polski
    • h
    • Język tekstu oryginalnego i/lub pośredniego (P)
    • polski
    • h
    • Język tekstu oryginalnego i/lub pośredniego (P)
    • angielski
    • h
    • Język tekstu oryginalnego i/lub pośredniego (P)
    • rosyjski
044 -Kraj miejsca wydania [ , ]
    • a
    • Kraj miejsca wydania
    • Polska
    • a
    • Kraj miejsca wydania
    • Kanada po 1988
942 -Rodzaj dokumentu [ , ]
    • c
    • Rodzaj dokumentu
    • Książka
111 -Hasło główne - nazwa imprezy [2, ]
    • a
    • Nazwa imprezy (NP)
    • Warsztaty Translatorskie Find
    • n
    • Numer imprezy (P)
    • (3 ;
    • d
    • Data imprezy (NP)
    • 2002 ;
    • c
    • Miejsce imprezy (NP)
    • Lublin).
    • 9
    • KHW
    • 48248
245 -Strefa tytułu i oznaczenia odpowiedzialności [1,0]
    • a
    • Tytuł
    • Warsztaty Translatorskie 3 = Find
    • b
    • Ciąg dalszy tytułu (NP)
    • Workshop of Translation 3 / Find
    • c
    • Pozostałe elementy strefy tytułu i oznaczenia odpowiedzialności (NP)
    • red. Richard Sokoloski, Henryk Duda, Konrad Klimkowski ; Towarzystwo Naukowe Katolickiego Uniwersytetu Lubelskiego, Katedra Języka Polskiego Katolickiego Uniwersytetu Lubelskiego, Slavic Research Group. University of Ottawa.
246 -Wariant tytułu [3,1]
    • a
    • Tytuł (NP)
    • Workshop of Translation 3
260 -Strefa adresu wydawniczego [ , ]
    • a
    • Miejsce wydania (P)
    • Lublin :
    • b
    • Nazwa wydawcy (P)
    • Towarzystwo Naukowe Katolickiego Uniwersytetu Lubelskiego ;
    • a
    • Miejsce wydania (P)
    • Ottawa :
    • b
    • Nazwa wydawcy (P)
    • Slavic Research Group University,
    • c
    • Data wydania (P)
    • cop. 2003.
300 -Strefa opisu fizycznego [ , ]
    • a
    • Określenie formy książki i/lub objętość (NP)
    • 211 s. ;
    • c
    • Format (NP)
    • 24 cm.
336 -Typ zawartości [ , ]
    • a
    • Termin opisujący typ zawartości
    • Tekst
    • b
    • Kod określający zawartość
    • txt
    • 2
    • Źródło (terminu i kodu)
    • rdacontent
337 -Typ mediów [ , ]
    • a
    • Tryb odtwarzania
    • Bez urządzenia pośredniczącego
    • b
    • Kod typu mediów
    • n
    • 2
    • Źródło (terminu i kodu)
    • rdamedia
338 -Typ/rodzaj nośnika [ , ]
    • a
    • Hasło opisujące typ nośnika
    • Wolumin
    • b
    • Kod typu nośnika
    • nc
    • 2
    • Źródło (terminu i kodu)
    • rdacarrier
490 -Strefa serii i książki wielotomowej - forma nie do wyszukiwania [1, ]
    • a
    • Tytuł (P)
    • Prace Wydziału Historyczno-Filologicznego / Towarzystwo Naukowe Katolickiego Uniwersytetu Lubelskiego ; Find
    • v
    • Numeracja (P)
    • 101
830 -Hasło dodatkowe serii i opisu książki wielotomowej - tytuł ujednolicony/tytuł [ ,0]
    • a
    • Tytuł ujednolicony/tytuł (NP)
    • Prace Wydziału Historyczno-Filologicznego - Towarzystwo Naukowe Katolickiego Uniwersytetu Lubelskiego
    • v
    • Oznaczenie tomu (NP)
    • 101
    • 9
    • KHW
    • 48235
504 -Uwaga dot. bibliogr. załącznikowej [ , ]
    • a
    • Uwaga dot. bibliografii załącznikowej
    • Bibliogr. przy ref.
546 -Uwaga dot. języka [ , ]
    • a
    • Uwaga dot. języka
    • Tekst częśc. równol. pol., ang. i ros.
546 -Uwaga dot. języka [ , ]
    • a
    • Uwaga dot. języka
    • Streszcz. ang., pol. przy ref.
080 -Uniwersalna Klasyfikacja Dziesiętna [ , ]
    • a
    • Symbol klasyfikacji
    • 81'25
    • 2
    • Identyfikator wydania tablic
    • UDC-P058
    • 9
    • UKD
    • 6392
    • b
    • Dopowiedzenie
    • Teoria przekładu (tłumaczenia). Translatoryka. Tłumaczenia ustne, tłumaczenia pisemne. Tłumaczenia literackie.
    • 4
    • UKD2
    • 7641
    • x
    • Poddział wspólny
    • (061)
    • c
    • Dopowiedzenie poddz. wspólnego
    • (Wydawnictwa odnoszące się do konferencji, zjazdów itd. Sprawozdania z konferencji).
    • 4
    • UKD2
    • 7644
    • x
    • Poddział wspólny
    • =111
    • c
    • Dopowiedzenie poddz. wspólnego
    • =Język angielski.
    • 4
    • UKD2
    • 7660
    • x
    • Poddział wspólny
    • =162.1
    • c
    • Dopowiedzenie poddz. wspólnego
    • =Język polski.
    • 4
    • UKD2
    • 7659
    • x
    • Poddział wspólny
    • =161.1
    • c
    • Dopowiedzenie poddz. wspólnego
    • =Język rosyjski.
650 -Hasło przedmiotowe [ ,7]
    • a
    • Hasło przedmiotowe
    • Literatura
    • x
    • Określnik rzeczowy
    • tłumaczenie
    • v
    • Określnik formalny
    • konferencje.
    • 2
    • Źródło terminu
    • kaba
    • 9
    • KHW
    • 369992
650 -Hasło przedmiotowe [ ,7]
    • a
    • Hasło przedmiotowe
    • Tłumaczenie
    • v
    • Określnik formalny
    • konferencje.
    • 2
    • Źródło terminu
    • kaba
    • 9
    • KHW
    • 363648
980 -Symbol UKD [ , ]
    • a
    • UKD
    • 81'25(061)=111=162.1=161.1
700 -Hasło dodatkowe - nazwa osobowa [1, ]
    • a
    • Nazwa osobowa (NP)
    • Sokoloski, Richard Allan Find
    • d
    • Daty biograficzne (NP)
    • (1951- ).
    • e
    • Określenie rodzaju współpracy
    • Red.
    • 9
    • KHW
    • 41569
700 -Hasło dodatkowe - nazwa osobowa [1, ]
    • a
    • Nazwa osobowa (NP)
    • Duda, Henryk Find
    • d
    • Daty biograficzne (NP)
    • (1963- ).
    • e
    • Określenie rodzaju współpracy
    • Red.
    • 9
    • KHW
    • 41570
700 -Hasło dodatkowe - nazwa osobowa [1, ]
    • a
    • Nazwa osobowa (NP)
    • Klimkowski, Konrad. Find
    • e
    • Określenie rodzaju współpracy
    • Red.
    • 9
    • KHW
    • 48249
710 -Hasło dodatkowe - nazwa ciała zbiorowego [2, ]
    • a
    • Nazwa ciała zbiorowego lub nazwa geograficzna jako pierwszy element (NP)
    • Towarzystwo Naukowe Katolickiego Uniwersytetu Lubelskiego.
    • 4
    • Kod relacji
    • pbl
    • 9
    • KHW
    • 9156
920 -ISBN [ , ]
    • a
    • ISBN
    • 83-7306-155-X Find
Numer inwentarzowy Lokalizacja Status udost. Sygnatura Data inwentaryzacji
Z.106134BG1Z.1001182006-05-19
A.8799BM1Translatoryka 172011-02-25
P.20219BM-3 2006-06-14